Pathology for the physical therapist assistant / (Record no. 122179)
[ view plain ]
| 000 -LEADER | |
|---|---|
| fixed length control field | 01100cam a2200301 i 4500 |
| 003 - CONTROL NUMBER IDENTIFIER | |
| control field | OSt |
| 005 - DATE AND TIME OF LATEST TRANSACTION | |
| control field | 20260302111115.0 |
| 008 - FIXED-LENGTH DATA ELEMENTS--GENERAL INFORMATION | |
| fixed length control field | |
| 020 ## - INTERNATIONAL STANDARD BOOK NUMBER | |
| International Standard Book Number | 9780323395496 (Paperback) |
| Terms of availability | USD 23.00 |
| 040 ## - CATALOGING SOURCE | |
| Original cataloging agency | NUST |
| Transcribing agency | NUST |
| Language of cataloging | eng |
| Modifying agency | NUST |
| Description conventions | rda |
| 050 ## - LIBRARY OF CONGRESS CALL NUMBER | |
| Classification number | RB113.L47 GOO |
| 100 1# - MAIN ENTRY--PERSONAL NAME | |
| Personal name | Goodman, Catherine Cavallaro |
| Relator term | Author |
| 245 10 - TITLE STATEMENT | |
| Title | Pathology for the physical therapist assistant / |
| Statement of responsibility, etc. | Catherine Cavallaro Goodman and Kender S. Fuller ; edited by Charlene Marshall. |
| 250 ## - EDITION STATEMENT | |
| Edition statement | Second edition. |
| 260 ## - PUBLICATION, DISTRIBUTION, ETC. | |
| Place of publication, distribution, etc. | St. Louis, Missouri : |
| Name of publisher, distributor, etc. | Elsevier, |
| Date of publication, distribution, etc. | ©2017. |
| 300 ## - PHYSICAL DESCRIPTION | |
| Extent | xi, 814 pages : |
| Other physical details | Illustrations ; |
| Dimensions | 28 cm. |
| 336 ## - CONTENT TYPE | |
| Content type term | text |
| Content type code | txt |
| Source | rdacontent |
| 337 ## - MEDIA TYPE | |
| Media type term | unmediated |
| Media type code | n |
| Source | rdamedia |
| 338 ## - CARRIER TYPE | |
| Carrier type term | volume |
| Carrier type code | nc |
| Source | rdacarrier |
| 504 ## - BIBLIOGRAPHY, ETC. NOTE | |
| Bibliography, etc. note | Includes index. |
| 650 #0 - SUBJECT ADDED ENTRY--TOPICAL TERM | |
| Topical term or geographic name entry element | Physiology, Pathological. |
| 650 #0 - SUBJECT ADDED ENTRY--TOPICAL TERM | |
| Topical term or geographic name entry element | Physical therapy assistants. |
| 650 12 - SUBJECT ADDED ENTRY--TOPICAL TERM | |
| Topical term or geographic name entry element | Pathology. |
| 650 22 - SUBJECT ADDED ENTRY--TOPICAL TERM | |
| Topical term or geographic name entry element | Physical therapy modalities. |
| 700 ## - ADDED ENTRY--PERSONAL NAME | |
| Personal name | Fuller, Kenda S. |
| Relator term | Author |
| 700 ## - ADDED ENTRY--PERSONAL NAME | |
| Personal name | Marshall, Charlene |
| Relator term | Editor |
| 942 ## - ADDED ENTRY ELEMENTS (KOHA) | |
| Koha item type | Ordinary Loan Books |
| Call number prefix | RB |
| Call number suffix | GOO |
| Source of classification or shelving scheme | Library of Congress Classification |
| Edition | Second edition |
| Classification part | RB113.L47 |
| Suppress in OPAC | No |
| Withdrawn status | Lost status | Source of classification or shelving scheme | Damaged status | Not for loan | Collection | Home library | Current library | Shelving location | Date acquired | Source of acquisition | Cost, normal purchase price | Total Checkouts | Full call number | Barcode | Date last seen | Accession number | Cost, replacement price | Price effective from | Koha item type | Public note |
|---|---|---|---|---|---|---|---|---|---|---|---|---|---|---|---|---|---|---|---|---|
| LCC | NFIC | Medical | Medical | GEN | 12/15/2022 | Book Aid International | 61.00 | RB113.L47 GOO | 92004052647 | 10/24/2023 | 59601 | 61.00 | 12/15/2022 | BOOKS | Donation | |||||
| LCC | NFIC | Medical | Medical | GEN | 06/17/2025 | Book Aid International | 61.00 | RB113.L47 GOO | 92004056044 | 06/17/2025 | 62815 | 61.00 | 06/17/2025 | BOOKS | Donation | |||||
| LCC | NFIC | Medical | Medical | GEN | 09/16/2025 | Book Aid International | 23.00 | RB113.L47 GOO | 92004057866 | 09/16/2025 | 63173 | 23.00 | 09/16/2025 | BOOKS | Donation | |||||
| LCC | NFIC | Medical | Medical | GEN | 03/02/2026 | Book Aid International | 23.00 | RB113.L47 GOO | 92004058059 | 03/02/2026 | 63517 | 23.00 | 03/02/2026 | BOOKS | Donation |